Call of duty Advanced Warfare - Statistics

General Stats
  • This quiz has been taken 296 times
  • The average score is 8 of 15
Answer Stats
Hint Answer % Correct
assult rifles BAL-27
90%
sub machine gun ASM1
77%
sniper MORS
77%
assult rifles AK12
61%
assult rifles HBRA3
53%
assult rifles IMR
48%
sub machine gun KF5
46%
sinper LYNX
44%
sub machine gun MP11
44%
assult rifles MK14
42%
assult rifles ARX-160
41%
sub machine gun AMR9
38%
sub machine gun SN6
34%
sub machine gun SAC3
32%
assult rifles AE4
22%
No matching quizzes found
Score Distribution
Percent of People with Each Score
Percentile by Number Answered
Your Score History
You have not taken this quiz